In welchem Bezirk ist diese Stadt - Statistiken

Allgemein
  • Dieses Quiz wurde 37 mal gespielt
  • Das Durchschnittsergebnis liegt bei 13 aus 20
Antwortstatistiken
Stadt Bezirk % Korrekt
Amstetten Amstetten
100%
Baden Baden
100%
Traiskirchen Baden
100%
Bludenz Bludenz
100%
Braunau am Inn Braunau am Inn
100%
Fischamend Bruck an der Leitha
100%
Kapfenberg Bruck-Mürzzuschlag
100%
Mariazell Bruck-Mürzzuschlag
100%
Dornbirn Dornbirn
100%
Eisenstadt Eisenstadt
100%
Feldkirch Feldkirch
100%
Freistadt Freistadt
100%
Deutsch-Wagram Gänserndorf
100%
Gänserndorf Gänserndorf
100%
Gmünd Gmünd
100%
Schrems Gmünd
100%
Weitra Gmünd
100%
Gmunden Gmunden
100%
Graz Graz
100%
Grieskirchen Grieskirchen
100%
Peuerbach Grieskirchen
100%
Güssing Güssing
100%
Hallein Hallein
100%
Friedberg Hartberg-Fürstenfeld
100%
Fürstenfeld Hartberg-Fürstenfeld
100%
Hollabrunn Hollabrunn
100%
Schrattenthal Hollabrunn
100%
Drosendorf-Zissersdorf Horn
100%
Imst Imst
100%
Innsbruck Innsbruck
100%
Kitzbühel Kitzbühel
100%
Klagenfurt am Wörthersee Klagenfurt am Wörthersee
100%
Langenlois Krems
100%
Mautern an der Donau Krems
100%
Landeck Landeck
100%
Leoben Leoben
100%
Liezen Liezen
100%
Rottenmann Liezen
100%
Trieben Liezen
100%
Lilienfeld Lilienfeld
100%
Linz Linz
100%
Ansfelden Linz-Land
100%
Melk Melk
100%
Mödling Mödling
100%
Judenburg Murtal
100%
Zeltweg Murtal
100%
Frauenkirchen Neusiedl am See
100%
Neusiedl am See Neusiedl am See
100%
Perg Perg
100%
Vils Reutte
100%
Ried im Innkreis Ried im Innkreis
100%
Rust Rust
100%
Salzburg Salzburg
100%
Seekirchen am Wallersee Salzburg-Umgebung
100%
Schärding Schärding
100%
Scheibbs Scheibbs
100%
Schwaz Schwaz
100%
Steyr Steyr
100%
Purkersdorf St. Pölten-Land
100%
Friesach St. Veit an der Glan
100%
Sankt Veit an der Glan St. Veit an der Glan
100%
Bad Radkersburg Südoststeiermark
100%
Feldbach Südoststeiermark
100%
Klosterneuburg Tulln
100%
Villach Villach
100%
Schwanenstadt Vöcklabruck
100%
Vöcklabruck Vöcklabruck
100%
Köflach Voitsberg
100%
Waidhofen an der Ybbs Waidhofen an der Ybbs
100%
Gleisdorf Weiz
100%
Weiz Weiz
100%
Wels Wels
100%
Wien Wien
100%
Zwettl-Niederösterreich Zwettl
100%
Wolfsberg Wolfsberg
83%
Mistelbach Mistelbach
80%
Rohrbach-Berg Rohrbach
80%
Spittal an der Drau Spittal an der Drau
80%
St. Valentin Amstetten
75%
Bruck an der Leitha Bruck an der Leitha
75%
Lienz Lienz
75%
Ternitz Neunkirchen
75%
Bärnbach Voitsberg
75%
Mattighofen Braunau am Inn
67%
Bregenz Bregenz
67%
Kindberg Bruck-Mürzzuschlag
67%
Neufeld an der Leitha Eisenstadt-Umgebung
67%
Marchegg Gänserndorf
67%
Heidenreichstein Gmünd
67%
Hermagor-Pressegger See Hermagor
67%
Laa an der Thaya Mistelbach
67%
Oberwölz Murau
67%
Knittelfeld Murtal
67%
Neunkirchen Neunkirchen
67%
Neumarkt am Wallersee Salzburg-Umgebung
67%
Oberndorf bei Salzburg Salzburg-Umgebung
67%
Sankt Andrä Wolfsberg
67%
Mittersill Zell am See
67%
Saalfelden am Steinernen Meer Zell am See
67%
Deutschlandsberg Deutschlandsberg
60%
Kirchschlag in der Buckligen Welt Wiener Neustadt-Land
60%
Bruck an der Mur Bruck-Mürzzuschlag
50%
Feldkirchen in Kärnten Feldkirchen
50%
Zistersdorf Gänserndorf
50%
Frohnleiten Graz-Umgebung
50%
Schladming Gröbming
50%
Jennersdorf Jennersdorf
50%
Bad Aussee Liezen
50%
Traun Linz-Land
50%
Oberwart Oberwart
50%
Stadtschlaining Oberwart
50%
Grein Perg
50%
St. Johann im Pongau St. Johann im Pongau
50%
Herzogenburg St. Pölten-Land
50%
Fehring Südoststeiermark
50%
Mureck Südoststeiermark
50%
Voitsberg Voitsberg
50%
Völkermarkt Völkermarkt
50%
Marchtrenk Wels-Land
50%
Allentsteig Zwettl
50%
Eggenburg Horn
40%
Hainburg an der Donau Bruck an der Leitha
33%
Groß-Enzersdorf Gänserndorf
33%
Retz Hollabrunn
33%
Eisenerz Leoben
33%
Gloggnitz Neunkirchen
33%
Neulengbach St. Pölten-Land
33%
Hall in Tirol Innsbruck-Land
25%
Haag Amstetten
0%
Bad Vöslau Baden
0%
Berndorf Baden
0%
Ebreichsdorf Baden
0%
Altheim Braunau am Inn
0%
Mannersdorf am Leithagebirge Bruck an der Leitha
0%
Schwechat Bruck an der Leitha
0%
Mürzzuschlag Bruck-Mürzzuschlag
0%
Hohenems Dornbirn
0%
Eferding Eferding
0%
Purbach am Neusiedler See Eisenstadt-Umgebung
0%
Pregarten Freistadt
0%
Litschau Gmünd
0%
Bad Ischl Gmunden
0%
Laakirchen Gmunden
0%
Hartberg Hartberg-Fürstenfeld
0%
Hardegg Hollabrunn
0%
Maissau Hollabrunn
0%
Pulkau Hollabrunn
0%
Geras Horn
0%
Horn Horn
0%
Kirchdorf an der Krems Kirchdorf
0%
Ferlach Klagenfurt-Land
0%
Gerasdorf bei Wien Korneuburg
0%
Korneuburg Korneuburg
0%
Stockerau Korneuburg
0%
Dürnstein Krems
0%
Gföhl Krems
0%
Krems an der Donau Krems an der Donau
0%
Kufstein Kufstein
0%
Rattenberg Kufstein
0%
Wörgl Kufstein
0%
Leibnitz Leibnitz
0%
Trofaiach Leoben
0%
Hainfeld Lilienfeld
0%
Enns Linz-Land
0%
Leonding Linz-Land
0%
Mattersburg Mattersburg
0%
Mank Melk
0%
Pöchlarn Melk
0%
Ybbs an der Donau Melk
0%
Poysdorf Mistelbach
0%
Wolkersdorf im Weinviertel Mistelbach
0%
Murau Murau
0%
Spielberg Murtal
0%
Oberpullendorf Oberpullendorf
0%
Pinkafeld Oberwart
0%
Wieselburg Scheibbs
0%
Gmünd in Kärnten Spittal an der Drau
0%
Radenthein Spittal an der Drau
0%
Bad Hall Steyr-Land
0%
Bischofshofen St. Johann im Pongau
0%
Radstadt St. Johann im Pongau
0%
Pressbaum St. Pölten-Land
0%
St. Pölten St. Pölten-Land
0%
Traismauer St. Pölten-Land
0%
Wilhelmsburg St. Pölten-Land
0%
Althofen St. Veit an der Glan
0%
Straßburg St. Veit an der Glan
0%
Tulln an der Donau Tulln
0%
Bad Leonfelden Urfahr-Umgebung
0%
Gallneukirchen Urfahr-Umgebung
0%
Steyregg Urfahr-Umgebung
0%
Attnang-Puchheim Vöcklabruck
0%
Bleiburg Völkermarkt
0%
Groß-Siegharts Waidhofen an der Thaya
0%
Raabs an der Thaya Waidhofen an der Thaya
0%
Waidhofen an der Thaya Waidhofen an der Thaya
0%
Wiener Neustadt Wiener Neustadt
0%
Ebenfurth Wiener Neustadt-Land
0%
Bad St. Leonhard im Lavanttal Wolfsberg
0%
Zell am See Zell am See
0%
Groß Gerungs Zwettl
0%
Keine übereinstimmenden Quizze gefunden
Verteilung der Resultate
Anzahl Personen mit jedem Resultat
Perzentil nach korrekt beantworteten Fragen
Ihre Resultats-Entwicklung
Sie haben dieses Quiz noch nicht gespielt